000 00389cam a2200169 4500
001 D14426
008 090401t1882 xxu||||| |||| 00| 0 eng d
035 _a(Sirsi) u15631
041 _aeng
100 _aWharton, William J. L.
245 _aHydrographical Surveying
260 _aLondon
_bJohn Murray
_c1882
350 _a0
520 _aShelf 137
942 _n0
948 _c04/03/1997
999 _c87293
_d87293